MARC

LEADER 00000nam0a2200000 4500
001 322891
005 20231102003522.0
035 |a (RuTPU)RU\TPU\book\348449 
090 |a 322891 
100 |a 20161006d1973 m y0rusy50 ca 
101 0 |a rus 
102 |a RU 
105 |a a j 001zy 
200 1 |a Мерзлотоведение и гляциология (краткий курс)  |e учебное пособие  |f А. И. Попов, Г. К. Тушинский 
210 |a Москва  |c Высшая школа  |d 1973 
215 |a 272 с.  |c ил. 
320 |a Библиография в конце частей 
606 1 |a Мерзлотоведение  |2 stltpush  |3 (RuTPU)RU\TPU\subj\42207  |9 61898 
606 1 |a Гляциология  |2 stltpush  |3 (RuTPU)RU\TPU\subj\7379  |9 35053 
610 1 |a история 
610 1 |a понятия 
610 1 |a определение 
610 1 |a процессы 
610 1 |a замерзание 
610 1 |a таяние 
610 1 |a мерзлые породы 
610 1 |a свойства 
610 1 |a мерзлотный процесс 
610 1 |a теплофизические основы 
610 1 |a температурное поле 
610 1 |a сезонная мерзлота 
610 1 |a вечная мерзлота 
610 1 |a литогенез 
610 1 |a криолитогенез 
610 1 |a снежный покров 
610 1 |a снежники 
610 1 |a лавины 
610 1 |a ледники 
610 1 |a льды 
610 1 |a учебные пособия 
675 |a 551.345(075.8)  |v 3 
675 |a 551.32(075.8)  |v 3 
700 1 |a Попов  |b А. И.  |g Александр Иосифович 
701 1 |a Тушинский  |b Г. К.  |g Георгий Казимирович 
801 1 |a RU  |b 63413507  |c 20161006 
801 2 |a RU  |b 63413507  |c 20200810  |g RCR 
942 |c BK